Mạng máy tính thực hành

保存先:
書誌詳細
第一著者: Lê Trường An
フォーマット: 図書
言語:Undetermined
出版事項: H. Thống kê 2002
主題:
タグ: タグ追加
タグなし, このレコードへの初めてのタグを付けませんか!
Thư viện lưu trữ: Trung tâm Học liệu Trường Đại học Cần Thơ
LEADER 00517nam a2200181Ia 4500
001 CTU_53744
008 210402s9999 xx 000 0 und d
020 |b 34000 
082 |a 004.65 
082 |b A105 
100 |a Lê Trường An 
245 0 |a Mạng máy tính thực hành 
245 0 |c Lê Trường An 
260 |a H. 
260 |b Thống kê 
260 |c 2002 
650 |a internet ( computer network ),client/server computing 
980 |a Trung tâm Học liệu Trường Đại học Cần Thơ